Statistics for All 1M Cities in 1970 Map Quiz

Click here to take the quiz!

General Stats

  • This quiz has been taken 342 times
  • The average score is 124 of 144

Answers on the Map

Answers color-coded by a green-red scale on the quiz's map according to % correct below.
 

Answer Stats

Pop (K)City% Correct
16,191New York
99%
7,509London
98%
8,208Paris
98%
23,298Tokyo
98%
3,206Berlin
97%
8,831Mexico City
97%
7,106Moscow
97%
5,585Cairo
96%
3,531Delhi
96%
8,378Los Angeles
96%
3,521Madrid
96%
3,135Rome
96%
1,556Seattle
96%
2,892Sydney
96%
3,482Barcelona
95%
6,413Bombay
95%
8,416Buenos Aires
95%
7,106Chicago
95%
1,380Copenhagen
95%
3,980Leningrad
95%
1,817Lisbon
95%
2,396Manchester
95%
4,426Peking
95%
6,791Rio de Janeiro
95%
2,529San Francisco
95%
6,052Shanghai
95%
2,535Toronto
95%
1,300Warsaw
95%
1,987Alexandria
94%
2,485Athens
94%
3,187Boston
94%
1,568Brussels
94%
1,114Cape Town
94%
2,772Istanbul
94%
3,534Manila
94%
2,141Miami
94%
15,272Osaka
94%
1,096Stockholm
94%
1,621Vienna
94%
1,281Algiers
93%
1,341Ankara
93%
2,070Baghdad
93%
3,110Bangkok
93%
1,396Bucharest
93%
1,946Budapest
93%
2,025Dallas
93%
1,734Glasgow
93%
1,779Havana
93%
3,398Hong Kong
93%
1,693Houston
93%
3,915Jakarta
93%
2,980Lima
93%
3,017Milan
93%
1,294Munich
93%
2,000Naples
93%
7,620São Paulo
93%
5,312Seoul
93%
2,072Singapore
93%
3,290Tehran
93%
1,045Vancouver
93%
2,370Birmingham
92%
1,505Casablanca
92%
3,966Detroit
92%
1,792Hamburg
92%
1,443Johannesburg
92%
1,414Lagos
92%
1,276Liverpool
92%
1,116Lyon
92%
1,182Marseille
92%
2,499Melbourne
92%
2,684Montréal
92%
4,396Philadelphia
92%
1,076Prague
92%
2,647Santiago
92%
2,488Washington
92%
1,182Atlanta
91%
2,383Bogota
91%
2,060Caracas
91%
1,970Saigon
91%
1,209San Diego
91%
1,406Taipei
91%
3,119Karachi
90%
1,029Tel Aviv
90%
7,329Calcutta
89%
1,542Canton
89%
1,054Denver
89%
1,706Minneapolis
89%
1,362Montevideo
89%
1,374Dacca
88%
1,964Lahore
88%
1,726Leeds
88%
1,070Kinshasa
87%
1,760Turin
87%
1,274Baku
86%
1,555Baltimore
86%
1,954Cleveland
86%
3,044Madras
86%
2,039Wuhan
86%
1,615Bangalore
85%
1,506Guadalajara
85%
1,655Kyiv
85%
1,882St. Louis
85%
1,813Pusan
84%
6,603Nagoya
83%
1,845Pittsburgh
83%
1,946Rangoon
83%
1,260Medellin
82%
1,299Monterrey
82%
1,479Sapporo
82%
3,318Tientsin
82%
1,485Belo Horizonte
81%
1,638Recife
81%
1,695Ahmedabad
80%
1,084Buffalo
80%
1,748Hyderabad
80%
1,251Milwaukee
80%
1,202Cincinnati
79%
1,379Hiroshima
78%
1,009San Jose
78%
1,403Tashkent
78%
1,696Harbin
77%
1,086Kansas City
77%
1,750Chengtu
76%
1,398Porto Alegre
74%
2,237Chungking
73%
1,459Nanking
73%
1,069Salvador
73%
1,178Gorky
72%
1,474Surabaya
72%
1,105Poona
70%
1,035Sverdlovsk
70%
1,170Bandung
69%
1,233Kharkiv
69%
1,168Novosibirsk
69%
3,156Mukden
65%
4,072Fukuoka
64%
1,177Lüta
58%
1,048Taegu
57%
1,055Kuybyshev
56%
1,025Hangchow
55%
1,264Sendai
49%
1,250Kanpur
45%
1,255Changchun
41%
1,060Tsinan
39%

Score Distribution

Percentile by Number Answered

Percent of People with Each Score

Your Score History

You have not taken this quiz